000 00817nam a2200193 i 4500
001 180934
003 ES-MaACL
005 20230906221224.0
008 120831s1977 sp |||| | spa d
080 _a39(460.12)
100 0 _aGómez-Tabanera, José Manuel,
_d1926-2011
_958165
245 1 3 _aEl estudio de las costumbres y tradiciones populares de Asturias y su integración en la investigación Antropológica y Etnografíca /
_cpor José Manuel Gómez-Tabanera.
260 _aZaragoza :
_bInstitución Fernando el Católico,
_c[1977?]
300 _aP. 41-55 ;
_c24 cm.
595 _aSeparata de: Actas del III Congreso Nacional de Artes y Costumbres Populares.
650 4 _aAntropología cultural y social-
_zAsturias (Comunidad Autónoma)
_9151380
852 _aES-MaACL
_j2318-F-17
999 _c180934
_d180934